000 00555cam a22001697a 4500
008 180718b2013 xxu||||| |||| 00| 0 eng d
020 _a9780198092391
082 _aT19x54 B469r
245 _aReforms and economic transformation in india
_cedited by jagdish bhagwati, arvind panagariya
260 _aNew York
_bOUP
_c2013
300 _a292
650 _aIndia -- Economic policy -- 1991-
650 _aIndia -- Economic conditions -- 21st century
650 _aIndustrial policy -- India
700 _aPanagariya, Arvind
700 _aBhagwati, Jagdish
999 _c443887
_d443887